<?xml version="1.0" encoding="UTF-8"?><marc:collection xmlns:marc="http://www.loc.gov/MARC21/slim">
  <marc:record>
    <marc:leader>00000nam##2200000za#4500</marc:leader>
    <marc:controlfield tag="001">9.699645</marc:controlfield>
    <marc:controlfield tag="003">CaOODSP</marc:controlfield>
    <marc:controlfield tag="005">20210625000455</marc:controlfield>
    <marc:controlfield tag="007">cr |||||||||||</marc:controlfield>
    <marc:controlfield tag="008">150407|1996||||xxc|||||o    f|0| 0 eng|d</marc:controlfield>
    <marc:datafield tag="020" ind1=" " ind2=" ">
      <marc:subfield code="a">978-0-660-20294-5</marc:subfield>
    </marc:datafield>
    <marc:datafield tag="040" ind1=" " ind2=" ">
      <marc:subfield code="a">CaOODSP</marc:subfield>
      <marc:subfield code="b">eng</marc:subfield>
    </marc:datafield>
    <marc:datafield tag="043" ind1=" " ind2=" ">
      <marc:subfield code="a">n-cn---</marc:subfield>
    </marc:datafield>
    <marc:datafield tag="086" ind1="1" ind2=" ">
      <marc:subfield code="a">CP32-63/1995E-PDF</marc:subfield>
    </marc:datafield>
    <marc:datafield tag="110" ind1="1" ind2=" ">
      <marc:subfield code="a">Canada.</marc:subfield>
      <marc:subfield code="b">Privy Council.</marc:subfield>
    </marc:datafield>
    <marc:datafield tag="245" ind1="1" ind2="0">
      <marc:subfield code="a">Amending Canada's constitution : </marc:subfield>
      <marc:subfield code="h">[electronic resource]</marc:subfield>
      <marc:subfield code="b">history, processes, problems and prospects / </marc:subfield>
      <marc:subfield code="c">by James Ross Hurley. </marc:subfield>
    </marc:datafield>
    <marc:datafield tag="260" ind1=" " ind2=" ">
      <marc:subfield code="a">Ottawa - Ontario : </marc:subfield>
      <marc:subfield code="b">Privy Council </marc:subfield>
      <marc:subfield code="c">c1996.</marc:subfield>
    </marc:datafield>
    <marc:datafield tag="300" ind1=" " ind2=" ">
      <marc:subfield code="a">317p.</marc:subfield>
      <marc:subfield code="b">graphs, tables</marc:subfield>
    </marc:datafield>
    <marc:datafield tag="500" ind1=" " ind2=" ">
      <marc:subfield code="a">Contents: Preface.--Introduction.--Constitutions and constitutional amendment.--Amending Canada's constitution 1867 to 1982.--The search for an amendment formula: 1926 to 1982.--The amending formula adopted in 1982.--Amendments proclaimed since 1982.--Unsuccessful proposals for constitutional amendment since 1982.--From the ratification of an amendment to its proclamation.--The role of executive federalism, popular participation and other operational questions.--Conclusion.--Addendum.--Appendixes.--Bibliography.</marc:subfield>
    </marc:datafield>
    <marc:datafield tag="500" ind1=" " ind2=" ">
      <marc:subfield code="a">"Digitized by Publishing and Depository Services, Public Works and Government Services Canada - 2014"</marc:subfield>
    </marc:datafield>
    <marc:datafield tag="504" ind1=" " ind2=" ">
      <marc:subfield code="a">Bibliography.</marc:subfield>
    </marc:datafield>
    <marc:datafield tag="520" ind1="3" ind2=" ">
      <marc:subfield code="a">Complete, comprehensive and well-researched, "Amending Canada's Constitution" focuses on how the Canadian constitution is amended, examining the law and process of constitutional change in Canada. It reviews all Canadian constitutional amendments since July 1, 1867, examining major constitutional landmarks including the 1982 patriation of the Constitution and the Meech Lake and Charlottetown Accords. Canada's constitutional evolution is placed in a more meaningful context through comparisons with the experiences of other federations, such as the United States, Australia and Switzerland. This valuable reference contains many rare or recently de-classified letters and documents chronicling the history of Canada's constitution, and also includes a series of correspondence between Pierre Trudeau and René Levesque concerning the question of a Quebec veto, dated 1981-82.</marc:subfield>
    </marc:datafield>
    <marc:datafield tag="590" ind1=" " ind2=" ">
      <marc:subfield code="a">14-18-Supp</marc:subfield>
      <marc:subfield code="b">2014-10-15</marc:subfield>
    </marc:datafield>
    <marc:datafield tag="690" ind1="0" ind2="7">
      <marc:subfield code="a">Constitution</marc:subfield>
      <marc:subfield code="2">gcpds</marc:subfield>
    </marc:datafield>
    <marc:datafield tag="775" ind1="0" ind2="8">
      <marc:subfield code="t">La modification de la constitution du Canada : </marc:subfield>
      <marc:subfield code="w">(CaOODSP)9.643621</marc:subfield>
    </marc:datafield>
    <marc:datafield tag="776" ind1="0" ind2="#">
      <marc:subfield code="t">Amending Canada's constitution : </marc:subfield>
      <marc:subfield code="w">(CaOODSP)9.646046</marc:subfield>
    </marc:datafield>
    <marc:datafield tag="856" ind1="4" ind2="0">
      <marc:subfield code="a">http://publications.gc.ca</marc:subfield>
      <marc:subfield code="q">PDF</marc:subfield>
      <marc:subfield code="s">12.02 MB</marc:subfield>
      <marc:subfield code="u">https://publications.gc.ca/collections/collection_2014/priv/CP32-63-1995-eng.pdf</marc:subfield>
    </marc:datafield>
  </marc:record>
</marc:collection>
